History Quiz

Random History or Africa Quiz

Former British Colonies in Africa Quiz Stats

 Plays Quiz Updated Jul 2, 2018

Challenge
Share
Tweet
Score 0/29 Timer 05:00
0 Plays Today
% Correct
South Africa 1776-1948
94.6%
Kenya 1823-1963
91.4%
Sudan 1898-1956
91%
Tanzania 1890-1963
90.4%
Egypt 1801-1956
89.7%
Zimbabwe 1900-1980
89.6%
Botswana 1872-1966
89.2%
Zambia 1900-1964
86.8%
South Sudan 1898-1956
85.8%
Uganda 1860-1962
82.7%
Namibia 1874-1931
79.3%
Nigeria 1827-1960
78.4%
Somalia 1884-1960
75.4%
Lesotho 1843-1966
74.1%
eSwatini 1893-1968
69.7%
% Correct
Ghana 1621-1960
69.4%
Malawi 1889-1964
69.1%
Libya 1942-1951
60.2%
Cameroon 1914-1954
58.2%
Eritrea 1941-1952
54.9%
Sierra Leone 1787-1961
50.5%
Seychelles 1794-1976
49.1%
Benin 1650-1812
47.3%
Mauritius 1809-1968
43.5%
Gambia 1661-1970
41.4%
Morocco 1662-1684
34.1%
Djibouti 1942-1946
33.8%
Senegal 1693-1817
33.3%
Equatorial Guinea 1827-1855
27.2%

You're not logged in!

Compare scores with friends on all Sporcle quizzes.
OR
Log In

You Might Also Like...

Show Comments

Extras

Top Quizzes Today


Score Distribution

Your Account Isn't Verified!

In order to create a playlist on Sporcle, you need to verify the email address you used during registration. Go to your Sporcle Settings to finish the process.

Report this User

Report this user for behavior that violates our Community Guidelines.

Details: